Vista normal
Vista MARC
Entrada Materia (geográfica)
Número de registros utilizados en: 1
001 - CONTROL NUMBER
- control field: 182125
003 - CONTROL NUMBER IDENTIFIER
- control field: Co-BoUCM
005 - DATE AND TIME OF LATEST TRANSACTION
- control field: 20240822081635.0
008 - FIXED-LENGTH DATA ELEMENTS
- fixed length control field: 240822|| aca||aabn | a|a d
040 ## - CATALOGING SOURCE
- Original cataloging agency: Co-BoUCM
- Transcribing agency: Co-BoUCM
151 ## - HEADING--GEOGRAPHIC NAME
- Geographic name: Colombia
- General subdivision: Ley 1448 de 2011
670 ## - SOURCE DATA FOUND
- Source citation: Work cat.: (Co-BoUCM): Arce Rojas, David 59263, Justicia Trasicional de restitucion de tierras en Colombia y los sectores extractivosde hidrocarburos y minería , 2024